000 00265nam a2200109Ia 4500
008 220204s9999 xx 000 0 und d
082 _a002
_bRAN
100 _aRanganathan, S R
245 0 _aDocumentation and its facets
260 _aBombay
_bAsia
_c1963
942 _cBK
999 _c19956
_d19956